Producción de palmito : (Registro nro. 3073)

Detalles MARC
000 -CABECERA
Campo de control 01007nam a2200277 a 4500
005 - FECHA Y HORA DE LA ULTIMA TRANSACCION
Campo de control 20160318092720.0
008 - ELEMENTOS DE LONGITUD FIJA—INFORMACION GENERAL
Campo de control 140310b2001 bo d fr|||| 00| 0 spa d
040 ## - FUENTE DE CATALOGACIÓN
Agencia catalogadora original CO-BoIAVH
Agencia transcriptora CO-BoIAVH
041 0# - IDIOMA
Código de idioma para texto/pista de sonido o título separado Español
044 ## - PAÍS DE PUBLICACIÓN
País de publicación Bolivia
082 04 - NUMERO DE CLASIFICACION DECIMAL DEWEY
Número de clasificación 641.35
Número del ítem M33p
100 1# - ASIENTO PRINCIPAL--NOMBRE PERSONAL
Nombre personal Peña, Marielos
9 (RLIN) 18389
245 10 - MENCION DE TITULO
Título Producción de palmito :
Parte restante del título limitaciones del manejo sostenible de poblaciones naturales de Asai (Euterpe precatoria) y el potencial del cultivo del tembe (Bactris gasipaes) como fuente alternativa /
Mención de responsabilidad Marielos Peña [y otros 4]
260 ## - PUBLICACION, DISTRIBUCION, ETC. (PIE DE IMPRENTA)
Lugar de publicación, distribución, etc. Riberalta :
Nombre del editor, distribuidor, etc. PROMAB :
-- IPHAE,
Fecha de publicación, distribución, etc. 2001.
300 ## - DESCRIPCION FISICA
Extensión 47 páginas :
Otros detalles físicos tablas ;
Dimensiones 24 x 28 centímetros
650 #4 - ASIENTO SECUNDARIO DE MATERIA - TERMINO TEMATICO
Término temático o nombre geográfico como elemento de entrada Palmas
9 (RLIN) 64555
650 #6 - ASIENTO SECUNDARIO DE MATERIA - TERMINO TEMATICO
Término temático o nombre geográfico como elemento de entrada Arecaceae
9 (RLIN) 64556
650 #6 - ASIENTO SECUNDARIO DE MATERIA - TERMINO TEMATICO
Término temático o nombre geográfico como elemento de entrada Plantas útiles
9 (RLIN) 64557
650 #4 - ASIENTO SECUNDARIO DE MATERIA - TERMINO TEMATICO
Término temático o nombre geográfico como elemento de entrada Palmito
9 (RLIN) 64558
662 ## - ASIENTO SECUNDARIO DE MATERIA - JERARQUIA DEL NOMBRE DE LUGAR(
País o entidad mayor Bolivia
700 1# - ASIENTO SECUNDARIO - NOMBRE PERSONAL
Nombre personal Zuidema, Pieter
Término de relación autor
9 (RLIN) 18393
700 1# - ASIENTO SECUNDARIO - NOMBRE PERSONAL
Nombre personal Zonta, Armelinda
Término de relación autora
9 (RLIN) 18394
700 1# - ASIENTO SECUNDARIO - NOMBRE PERSONAL
Nombre personal Goncalves, Alceu
Término de relación autor
9 (RLIN) 18395
700 1# - ASIENTO SECUNDARIO - NOMBRE PERSONAL
Nombre personal Chapi, Germán
Término de relación autor
9 (RLIN) 18396
942 ## - ELEMENTOS ADICIONALES (KOHA)
Tipo de ítem Libro
Sistema de clasificación Dewey Decimal Classification
Existencias
Withdrawn status Lost status Sistema de Clasificación Damaged status No para préstamo Colección Ubicación Permanente Ubicación actual Fecha de adquisición Fuente de Valor Total Checkouts Número topográfico Inventario / Código de Barras Date last seen Ejemplar Price effective from Forma de adquisición Tipo de material
    Dewey Decimal Classification     General Bogotá Bogotá 04/12/2012 Biocomercio   LB-641.35 M33p 018073 04/12/2012 Ej. 1 04/12/2012   Libro